000 00215 a2200097 4500
001 30207
100 _aStone, Irring
245 _aMy favourites in suspense
260 _aLondon
_bPan Book
_c
090 _c20150
_d20150
942 _aNUST-CAE
_cM
_c11282
999 _c265280
_d265280